British business history, 1720-1994 /John F. Wilson. (Record no. 1952)

000 -LEADER
fixed length control field 01392cam a2200349 a 4500
001 - CONTROL NUMBER
control field 2070839
003 - CONTROL NUMBER IDENTIFIER
control field OSt
005 - DATE AND TIME OF LATEST TRANSACTION
control field 20150824165749.0
008 - FIXED-LENGTH DATA ELEMENTS--GENERAL INFORMATION
fixed length control field 941026s1995 enka b 001 0 eng
010 ## - LIBRARY OF CONGRESS CONTROL NUMBER
LC control number 94041739
020 ## - INTERNATIONAL STANDARD BOOK NUMBER
International Standard Book Number 0719041325 (hardback)
020 ## - INTERNATIONAL STANDARD BOOK NUMBER
International Standard Book Number 0719041333 (pbk.)
024 ## - OTHER STANDARD IDENTIFIER
Standard number or code 6584/15
040 ## - CATALOGING SOURCE
Original cataloging agency DLC
Transcribing agency DLC
Modifying agency DLC
043 ## - GEOGRAPHIC AREA CODE
Geographic area code e-uk---
050 00 - LIBRARY OF CONGRESS CALL NUMBER
Classification number HD70.G7W55 1995
082 00 - DEWEY DECIMAL CLASSIFICATION NUMBER
Classification number 338.7/0941
Edition number 20
100 1# - MAIN ENTRY--PERSONAL NAME
Personal name Wilson, J. F.
245 10 - TITLE STATEMENT
Title British business history, 1720-1994 /John F. Wilson.
Statement of responsibility, etc John F. Wilson.
260 ## - PUBLICATION, DISTRIBUTION, ETC. (IMPRINT)
Place of publication, distribution, etc Manchester ;
-- New York :
Name of publisher, distributor, etc Manchester University Press ;
Place of publication, distribution, etc New York :
Name of publisher, distributor, etc Distributed exclusively in the USA and Canada by St. Martin's Press,
Date of publication, distribution, etc 1995.
300 ## - PHYSICAL DESCRIPTION
Extent x, 276 p. :
Other physical details ill. ;
Dimensions 25 cm.
504 ## - BIBLIOGRAPHY, ETC. NOTE
Bibliography, etc Includes bibliographical references (p. 246-264) and indexes.
504 ## - BIBLIOGRAPHY, ETC. NOTE
Bibliography, etc Includes bibliographical references (p. ).
650 #0 - SUBJECT ADDED ENTRY--TOPICAL TERM
Topical term or geographic name as entry element Industrial management
Geographic subdivision Great Britain
General subdivision History.
650 #0 - SUBJECT ADDED ENTRY--TOPICAL TERM
Topical term or geographic name as entry element Business enterprises
Geographic subdivision Great Britain
General subdivision History.
650 #0 - SUBJECT ADDED ENTRY--TOPICAL TERM
Topical term or geographic name as entry element Industrial organization
Geographic subdivision Great Britain
General subdivision History.
650 #0 - SUBJECT ADDED ENTRY--TOPICAL TERM
Topical term or geographic name as entry element Capitalism
Geographic subdivision Great Britain
General subdivision History.
856 42 - ELECTRONIC LOCATION AND ACCESS
Materials specified Publisher description
Uniform Resource Identifier <a href="http://www.loc.gov/catdir/enhancements/fy0601/94041739-d.html">http://www.loc.gov/catdir/enhancements/fy0601/94041739-d.html</a>
906 ## - LOCAL DATA ELEMENT F, LDF (RLIN)
a 7
b cbc
c orignew
d 1
e ocip
f 19
g y-gencatlg
942 ## - ADDED ENTRY ELEMENTS (KOHA)
Source of classification or shelving scheme
Koha item type Book
Holdings
Withdrawn status Lost status Source of classification or shelving scheme Damaged status Not for loan Home library Current library Shelving location Date acquired Total Checkouts Full call number Barcode Date last seen Copy number Price effective from Koha item type
          Riara University Library Riara University Library General stack 19/04/2016   HD 70.W55 1995 6584/15 19/04/2016 C.1 19/04/2016 Book

Riara University Library,
P.O. Box 49940-00100,
Nairobi, Kenya.